00840nam a2200265 u 450000100070000000500170000700800410002402000150006503500110008003500200009104000130011104100080012408200080013210000330014024500520017325000110022526000410023630000100027750000860028765000370037365000450041065000390045565000420049470000380053659729920260506084503.0000529s1995 spa  a843441595X a597299 a(OCoLC)34075319 ccomduadb aspa 4a34110aGuillaume, Gilbert4auteaut14aLas grandes crisis internacionales y el derecho a1. ed. aBarcelona :bEditorial Ariel,c1995. a316p. aGENERAL : Código anterior 6-10000003125062, se cambio el 17 de febrero de 2012. 7aConflictos internacionales2lemb 7aGuerra de las Islas Malvinas, 19822lemb 7aConflicto árabe-israelí2embne 7aDerecho internacional público2lemb10aCarril, Salvador M. del4trletrl